[Event "Wch U18 Girls"]
[Site "Belfort"]
[Date "2005.07.24"]
[Round "6"]
[White "Bolon, Karelle"]
[Black "Vinuthna, N."]
[Result "0-1"]
[WhiteElo "2064"]
[BlackElo "2268"]
[PlyCount "94"]
[EventDate "2005.07.19"]
[EventType "swiss"]
[EventRounds "11"]
[EventCountry "FRA"]
[SourceTitle "CBM 107 Extra"]
[Source "ChessBase"]
[SourceDate "2005.09.01"]
[SourceVersion "1"]
[SourceVersionDate "2005.09.01"]
[SourceQuality "1"]

1. e4 g6 2. d4 Bg7 3. Nc3 d6 4. f4 a6 5. Nf3 b5 6. Bd3 Nd7 7. e5 e6 8. 0-0 Ne7 9. a4 b4 10. Ne4 d5 11. Neg5 h6 12. Nh3 a5 13. Qe2 c5 14. Bb5 c4 15. b3 cxb3 16. cxb3 Qb6 17. Be3 Ba6 18. Rfc1 0-0 19. Bxa6 Rxa6 20. Rc2 Raa8 21. Rac1 Rfc8 22. Rxc8+ Rxc8 23. Rxc8+ Nxc8 24. Qc2 Ne7 25. Nh4 Bf8 26. g4 Qc6 27. Qxc6 Nxc6 28. f5 exf5 29. gxf5 g5 30. Ng2 f6 31. e6 Nb6 32. Bf2 Nxa4 33. Ne1 Nc3 34. Nf3 Ne7 35. Ne5 a4 36. bxa4 b3 37. Nd3 Nxa4 38. Kf1 Nxf5 39. Ke2 b2 40. Nxb2 Nxb2 41. Kd2 Nc4+ 42. Kc3 Ng7 43. Kb3 Nxe6 44. Ka4 f5 45. Kb5 f4 46. Kc6 Ne3 47. Ng1 Nxd4+ 0-1

[Event "Wch U18 Girls"]
[Site "Belfort"]
[Date "2005.07.19"]
[Round "1"]
[White "Vinuthna, N."]
[Black "Isgandarova, Khayala Ilqar Qizi"]
[Result "1/2-1/2"]
[WhiteElo "2268"]
[BlackElo "2037"]
[PlyCount "154"]
[EventDate "2005.07.19"]
[EventType "swiss"]
[EventRounds "11"]
[EventCountry "FRA"]
[SourceTitle "CBM 107 Extra"]
[Source "ChessBase"]
[SourceDate "2005.09.01"]
[SourceVersion "1"]
[SourceVersionDate "2005.09.01"]
[SourceQuality "1"]

1. e4 e6 2. d4 d5 3. exd5 exd5 4. c4 Nf6 5. Nc3 Be7 6. Nf3 0-0 7. cxd5 Nxd5 8. Bd3 Nc6 9. 0-0 Bg4 10. h3 Bxf3 11. Qxf3 Ndb4 12. d5 Ne5 13. Bxh7+ Kxh7 14. Qh5+ Kg8 15. Qxe5 Bf6 16. Qe4 Bxc3 17. bxc3 Nxd5 18. c4 Nb6 19. Qxb7 Nxc4 20. Bf4 Nd6 21. Qc6 Qf6 22. Bg3 Rfc8 23. Rac1 Rab8 24. Rfd1 Qe6 25. Qa6 Rb6 26. Qxa7 Nb5 27. Qa4 c5 28. Qc4 Qf6 29. Bh4 Qg6 30. Rd8+ Rxd8 31. Bxd8 Rb8 32. Qxc5 Qa6 33. Qd5 Qa8 34. Rc5 Rxd8 35. Qxa8 Rxa8 36. Rxb5 Rxa2 37. Rf5 g6 38. Rf3 Kg7 39. Kh2 Rb2 40. Kg3 Rb4 41. Rf4 Rb3+ 42. Kg4 Rb5 43. g3 Ra5 44. Kf3 Rb5 45. h4 Ra5 46. g4 Rb5 47. g5 Ra5 48. Kg4 Ra1 49. Re4 Rb1 50. f3 Ra1 51. Kf4 Ra5 52. Rd4 Rb5 53. Re4 Ra5 54. Kg4 Ra1 55. Re2 Rg1+ 56. Kf4 Rh1 57. Kg3 Rg1+ 58. Rg2 Rh1 59. Kg4 Ra1 60. Rh2 Ra4+ 61. f4 Ra5 62. h5 gxh5+ 63. Kxh5 Rf5 64. Kg4 Ra5 65. f5 Ra4+ 66. Kh5 Ra5 67. f6+ Kh7 68. Kg4+ Kg8 69. Re2 Kh7 70. Rh2+ Kg8 71. Kh5 Kh7 72. Rd2 Ra1 73. Kg4 Kg6 74. Rd5 Rg1+ 75. Kf4 Rf1+ 76. Ke4 Rg1 77. Kf4 Rf1+ 1/2-1/2

[Event "Wch U20 Girls 22nd"]
[Site "Cochin"]
[Date "2004.11.24"]
[Round "8"]
[White "Vinuthna, N."]
[Black "Aketayeva, Dana"]
[Result "1-0"]
[WhiteElo "2229"]
[BlackElo "2223"]
[PlyCount "99"]
[EventDate "2004.11.20"]
[EventType "swiss"]
[EventRounds "13"]
[EventCountry "IND"]
[SourceTitle "CBM 103 Extra"]
[Source "ChessBase"]
[SourceDate "2005.01.01"]
[SourceVersion "1"]
[SourceVersionDate "2005.01.01"]
[SourceQuality "1"]

1. e4 d5 2. exd5 Nf6 3. Nf3 Nxd5 4. d4 g6 5. Be2 Bg7 6. 0-0 0-0 7. c4 Nb6 8. h3 c6 9. Nc3 Be6 10. b3 c5 11. Be3 Nc6 12. Nb5 a6 13. dxc5 axb5 14. cxb5 Nb4 15. Bd4 Nc8 16. a3 Nd5 17. Bxg7 Kxg7 18. Qd4+ Nf6 19. Qc3 Qc7 20. b4 Nb6 21. Qc2 Nbd5 22. Nd4 Qe5 23. Rfd1 Nxb4 24. Qb2 Nbd5 25. Nxe6+ Qxe6 26. Bg4 Qe4 27. Bf3 Qc4 28. Bxd5 Qxc5 29. Bxb7 Rab8 30. Rac1 Qb6 31. Bc6 Rfc8 32. Qe5 Qa7 33. Rc3 Kg8 34. Re3 Qa4 35. Rd4 Qa7 36. a4 Rc7 37. Red3 Rcc8 38. Qe1 Qc5 39. Qc3 Qg5 40. Qd2 Qe5 41. a5 Rxc6 42. Rd8+ Kg7 43. Rxb8 Ne4 44. Qe3 Re6 45. Qd4 Nd6 46. Qxe5+ Rxe5 47. Rb3 Re1+ 48. Kh2 Ra1 49. Ra8 Kf6 50. b6 1-0

[Event "Wch U20 Girls 22nd"]
[Site "Cochin"]
[Date "2004.11.22"]
[Round "6"]
[White "Korbut, Ekaterina"]
[Black "Vinuthna, N."]
[Result "1-0"]
[WhiteElo "2400"]
[BlackElo "2229"]
[PlyCount "51"]
[EventDate "2004.11.20"]
[EventType "swiss"]
[EventRounds "13"]
[EventCountry "IND"]
[SourceTitle "CBM 103 Extra"]
[Source "ChessBase"]
[SourceDate "2005.01.01"]
[SourceVersion "1"]
[SourceVersionDate "2005.01.01"]
[SourceQuality "1"]

1. e4 g6 2. d4 Bg7 3. Nc3 d6 4. f4 a6 5. Nf3 b5 6. Bd3 Nd7 7. e5 e6 8. 0-0 Ne7 9. Ne4 Nb6 10. Qe1 Ned5 11. a4 Nxa4 12. b3 Nab6 13. c4 bxc4 14. bxc4 f5 15. exf6 Nxf6 16. Neg5 Qe7 17. Qh4 Nbd7 18. Nxe6 Nb6 19. Nxg7+ Qxg7 20. Re1+ Kf8 21. f5 h6 22. fxg6 Bg4 23. Rf1 Nbd7 24. c5 Ke7 25. Ba3 dxc5 26. Ne5 1-0

[Event "Wch U18 Girls"]
[Site "Heraklion"]
[Date "2004.11.10"]
[Round "8"]
[White "Vinuthna, N."]
[Black "Muhren, Bianca"]
[Result "1-0"]
[WhiteElo "2229"]
[BlackElo "2343"]
[PlyCount "51"]
[EventDate "2004.11.04"]
[EventType "swiss"]
[EventRounds "11"]
[EventCountry "GRE"]
[SourceTitle "EXT 2005"]
[Source "ChessBase"]
[SourceDate "2004.11.15"]
[SourceVersion "1"]
[SourceVersionDate "2004.11.15"]
[SourceQuality "1"]

1. e4 c5 2. Nf3 e6 3. d4 cxd4 4. Nxd4 Nf6 5. Nc3 d6 6. Be2 Be7 7. 0-0 a6 8. f4 0-0 9. Be3 Qc7 10. g4 Re8 11. f5 exf5 12. Nxf5 Bf8 13. Bd3 Be6 14. g5 Nfd7 15. Qh5 Bxf5 16. exf5 Rxe3 17. Nd5 Qc5 18. Nxe3 Qxe3+ 19. Kh1 g6 20. fxg6 hxg6 21. Bxg6 fxg6 22. Qxg6+ Kh8 23. Qh5+ Kg8 24. Qf7+ Kh8 25. Rae1 Qd4 26. Rf4 1-0

[Event "Wch U18 Girls"]
[Site "Heraklion"]
[Date "2004.11.06"]
[Round "3"]
[White "Hryhorenko, Nataliya"]
[Black "Vinuthna, N."]
[Result "1/2-1/2"]
[WhiteElo "2321"]
[BlackElo "2229"]
[PlyCount "129"]
[EventDate "2004.11.04"]
[EventType "swiss"]
[EventRounds "11"]
[EventCountry "GRE"]
[SourceTitle "EXT 2005"]
[Source "ChessBase"]
[SourceDate "2004.11.15"]
[SourceVersion "1"]
[SourceVersionDate "2004.11.15"]
[SourceQuality "1"]

1. d4 Nf6 2. Nf3 g6 3. Bg5 Bg7 4. Nbd2 0-0 5. e4 d6 6. c3 Nc6 7. Be2 e5 8. dxe5 dxe5 9. 0-0 h6 10. Bh4 Qe8 11. a4 Nh5 12. Re1 Nf4 13. Bf1 Kh8 14. Bg3 Nh5 15. Nc4 f6 16. a5 Be6 17. a6 b6 18. b4 Qf7 19. Nfd2 Rad8 20. Qa4 Ne7 21. Rad1 Nxg3 22. fxg3 f5 23. Be2 Rd7 24. Qc2 Qg8 25. Rf1 Rfd8 26. Ne3 Bf6 27. Qc1 Qg7 28. Nb1 Rxd1 29. Rxd1 Rf8 30. Bc4 Bc8 31. Nd2 f4 32. Nef1 Bg4 33. Re1 fxg3 34. Nxg3 Bg5 35. Qc2 Bh4 36. Rf1 Bxg3 37. hxg3 Nc8 38. Qd3 Rxf1+ 39. Nxf1 Qe7 40. Qd5 Qe8 41. Ne3 Bd7 42. Qd2 Kg7 43. Nd5 Qd8 44. Bd3 Be6 45. c4 c6 46. Qc3 cxd5 47. exd5 Bd7 48. Qxe5+ Qf6 49. Qc7 Qd6 50. Qxd6 Nxd6 51. c5 bxc5 52. bxc5 Nc8 53. d6 Bc6 54. Be2 Bd7 55. Bf3 Be6 56. Bc6 Nxd6 57. cxd6 Kf7 58. Kf2 Bc4 59. Ke3 Bxa6 60. Kd4 Ke6 61. Kc5 Bf1 62. Be4 Kd7 63. Bxg6 Bxg2 64. Bf5+ Kd8 65. Kb5 1/2-1/2

[Event "Asia-ch U18 Girls"]
[Site "Tehran"]
[Date "2004.04.09"]
[Round "9"]
[White "Rajadharshini, M."]
[Black "Vinuthna, N."]
[Result "0-1"]
[WhiteElo "2038"]
[BlackElo "2171"]
[PlyCount "36"]
[EventDate "2004.04.03"]
[EventType "swiss"]
[EventRounds "9"]
[EventCountry "IRI"]
[SourceTitle "CBM 099 Extra"]
[Source "ChessBase"]
[SourceDate "2004.05.04"]
[SourceVersion "1"]
[SourceVersionDate "2004.05.04"]
[SourceQuality "1"]

1. Nf3 Nf6 2. g3 g6 3. Bg2 Bg7 4. 0-0 0-0 5. c4 d6 6. Nc3 e5 7. d3 Nc6 8. Bg5 h6 9. Bxf6 Bxf6 10. Rb1 a5 11. a3 Be6 12. b4 axb4 13. axb4 Ne7 14. Nd2 c6 15. b5 Bg7 16. bxc6 bxc6 17. Na4 Qa5 18. Nb6 Ra6 0-1

[Event "Asia-ch U18 Girls"]
[Site "Tehran"]
[Date "2004.04.04"]
[Round "2"]
[White "Karavade, Eesha"]
[Black "Vinuthna, N."]
[Result "1/2-1/2"]
[WhiteElo "2270"]
[BlackElo "2171"]
[PlyCount "38"]
[EventDate "2004.04.03"]
[EventType "swiss"]
[EventRounds "9"]
[EventCountry "IRI"]
[SourceTitle "CBM 099 Extra"]
[Source "ChessBase"]
[SourceDate "2004.05.04"]
[SourceVersion "1"]
[SourceVersionDate "2004.05.04"]
[SourceQuality "1"]

1. Nf3 Nf6 2. g3 g6 3. Bg2 Bg7 4. 0-0 0-0 5. d4 d6 6. c4 Nbd7 7. Nc3 e5 8. h3 c6 9. e4 Qb6 10. c5 dxc5 11. dxe5 Ne8 12. e6 fxe6 13. Ng5 Ne5 14. f4 Nf7 15. Nf3 c4+ 16. Kh2 e5 17. Nxe5 Nxe5 18. fxe5 Rxf1 19. Qxf1 Be6 1/2-1/2

[Event "Chennai WinTV op 1st"]
[Site "Chennai"]
[Date "2004.01.31"]
[Round "12"]
[White "Shrestha, Keshav"]
[Black "Vinuthna, N."]
[Result "1/2-1/2"]
[WhiteElo "2196"]
[BlackElo "2094"]
[PlyCount "124"]
[EventDate "2004.01.21"]
[EventType "swiss"]
[EventRounds "13"]
[EventCountry "IND"]
[SourceTitle "CBM 098 Extra"]
[Source "ChessBase"]
[SourceDate "2004.03.10"]
[SourceVersion "2"]
[SourceVersionDate "2004.03.10"]
[SourceQuality "1"]

1. e4 c5 2. c3 d5 3. exd5 Qxd5 4. d4 Nf6 5. Nf3 Nc6 6. Be2 e6 7. Na3 cxd4 8. Nb5 Qd8 9. Nbxd4 Bd7 10. 0-0 a6 11. Nxc6 Bxc6 12. Qxd8+ Rxd8 13. Be3 Nd5 14. Bd2 Bd6 15. Nd4 Bd7 16. Bf3 0-0 17. g3 b5 18. Rad1 Nb6 19. Bc1 Bc5 20. Nb3 Be7 21. Na5 Bf6 22. Nb7 Ra8 23. Rd6 Nc4 24. Rdd1 Ne5 25. Bg2 Bc6 26. Bxc6 Nxc6 27. Nc5 Be7 28. Nd7 Rfd8 29. Be3 h6 30. f4 Rac8 31. Bb6 Re8 32. Kf2 Bd8 33. Be3 Ne7 34. Ne5 Nd5 35. Nf3 Be7 36. Bd4 Red8 37. Ne5 Rc7 38. Ke2 Bf6 39. Nf3 Rdc8 40. Bxf6 gxf6 41. Rd2 Kf8 42. a3 f5 43. Rfd1 Ke7 44. Ne5 Kf6 45. Rd3 Ke7 46. R1d2 Rc5 47. Rd1 R8c7 48. R1d2 a5 49. Rd4 f6 50. Nf3 Nb6 51. Rd1 Nc4 52. Rb1 e5 53. fxe5 fxe5 54. Rh4 R7c6 55. Rh5 Rf6 56. Nh4 Ke6 57. Rf1 e4 58. g4 Nxb2 59. Nxf5 Rxc3 60. Nd4+ Kf7 61. Rxf6+ Kxf6 62. Nxb5 Rb3 1/2-1/2

[Event "Chennai WinTV op 1st"]
[Site "Chennai"]
[Date "2004.01.30"]
[Round "11"]
[White "Vinuthna, N."]
[Black "Sharma, R Preetham"]
[Result "0-1"]
[WhiteElo "2094"]
[BlackElo "2279"]
[PlyCount "44"]
[EventDate "2004.01.21"]
[EventType "swiss"]
[EventRounds "13"]
[EventCountry "IND"]
[SourceTitle "CBM 098 Extra"]
[Source "ChessBase"]
[SourceDate "2004.03.10"]
[SourceVersion "2"]
[SourceVersionDate "2004.03.10"]
[SourceQuality "1"]

1. e4 c5 2. Nf3 d6 3. d4 cxd4 4. Nxd4 Nf6 5. Nc3 g6 6. Be3 Bg7 7. h3 0-0 8. Bc4 a6 9. Bb3 b5 10. 0-0 Bb7 11. Re1 b4 12. Nd5 Nxe4 13. Qf3 Nc5 14. Bg5 Nxb3 15. Qxb3 Bxd5 16. Qxd5 Ra7 17. Rad1 Re8 18. Rd3 Qd7 19. Bd2 Rb7 20. h4 e6 21. Qa5 Bxd4 22. h5 Rb5 0-1

[Event "Chennai WinTV op 1st"]
[Site "Chennai"]
[Date "2004.01.27"]
[Round "8"]
[White "Lakshmanrao, D."]
[Black "Vinuthna, N."]
[Result "0-1"]
[WhiteElo "2222"]
[BlackElo "2094"]
[PlyCount "62"]
[EventDate "2004.01.21"]
[EventType "swiss"]
[EventRounds "13"]
[EventCountry "IND"]
[SourceTitle "CBM 098 Extra"]
[Source "ChessBase"]
[SourceDate "2004.03.10"]
[SourceVersion "2"]
[SourceVersionDate "2004.03.10"]
[SourceQuality "1"]

1. b3 Nf6 2. Bb2 g6 3. f4 Bg7 4. Nf3 0-0 5. e3 d6 6. Be2 Nc6 7. 0-0 Re8 8. Na3 e5 9. fxe5 dxe5 10. Nc4 e4 11. Nd4 Nxd4 12. Bxd4 h5 13. Qc1 Bf5 14. a4 Ng4 15. Bxg7 Kxg7 16. h3 Nf6 17. Qb2 Kg8 18. Rf2 Qe7 19. Raf1 Rad8 20. Bd1 Rd5 21. Qc3 b6 22. Kh1 a6 23. Qa1 b5 24. axb5 axb5 25. Na5 Qd6 26. g4 hxg4 27. hxg4 Nxg4 28. Rg2 Rxd2 29. Nb7 Qd5 30. Rxg4 Bxg4 31. Bxg4 Qg5 0-1

[Event "Chennai WinTV op 1st"]
[Site "Chennai"]
[Date "2004.01.27"]
[Round "7"]
[White "Vinuthna, N."]
[Black "Sai, Srinivas"]
[Result "1/2-1/2"]
[WhiteElo "2094"]
[BlackElo "2264"]
[PlyCount "95"]
[EventDate "2004.01.21"]
[EventType "swiss"]
[EventRounds "13"]
[EventCountry "IND"]
[SourceTitle "CBM 098 Extra"]
[Source "ChessBase"]
[SourceDate "2004.03.10"]
[SourceVersion "2"]
[SourceVersionDate "2004.03.10"]
[SourceQuality "1"]

1. e4 c5 2. Nf3 d6 3. d4 cxd4 4. Nxd4 Nf6 5. Nc3 Nc6 6. Bg5 Bd7 7. Be2 Rc8 8. 0-0 Nxd4 9. Qxd4 Qa5 10. Bxf6 gxf6 11. a4 Qc5 12. Qd2 Rg8 13. Bb5 e6 14. Ra3 a6 15. Bxd7+ Kxd7 16. a5 Ke8 17. Rd1 Be7 18. Rb3 Rc7 19. Na4 Qe5 20. Re1 Rg4 21. Rbe3 Qb5 22. b3 Rg5 23. f4 Rh5 24. f5 Qe5 25. Rg3 Rg5 26. Rh3 h5 27. Kh1 exf5 28. exf5 Qxf5 29. Rhe3 Kf8 30. c4 Qg6 31. Nb6 Re5 32. Nd5 Rc8 33. Nxe7 Kxe7 34. Rd1 Rc6 35. Rd3 Re6 36. Qb4 Qe4 37. Qxb7+ Kf8 38. Qb4 Ke7 39. h3 f5 40. Qd2 h4 41. Qg5+ Ke8 42. Rd4 Qc2 43. Qg8+ Ke7 44. Qa8 Qf2 45. R4d3 Re1+ 46. Rxe1+ Qxe1+ 47. Kh2 Qe5+ 48. Kg1 1/2-1/2

[Event "Commonwealth-ch"]
[Site "Mumbai"]
[Date "2004.01.16"]
[Round "7"]
[White "Vinuthna, N."]
[Black "Gluckman, David"]
[Result "0-1"]
[WhiteElo "2094"]
[BlackElo "2356"]
[PlyCount "62"]
[EventDate "2004.01.10"]
[EventType "swiss"]
[EventRounds "9"]
[EventCountry "IND"]
[SourceTitle "EXT 2006"]
[Source "ChessBase"]
[SourceDate "2005.11.24"]
[SourceVersion "1"]
[SourceVersionDate "2005.11.24"]
[SourceQuality "1"]

1. e4 e6 2. d3 c5 3. Nf3 Nc6 4. g3 g6 5. d4 cxd4 6. Nxd4 a6 7. Bg2 Bg7 8. Nxc6 bxc6 9. 0-0 d6 10. c4 Ne7 11. Nc3 0-0 12. Be3 Bb7 13. Qd2 Qc7 14. Rfd1 Rfd8 15. Rac1 c5 16. Bh6 Nc6 17. Bxg7 Kxg7 18. Ne2 e5 19. f4 Nd4 20. f5 f6 21. g4 Bc6 22. Nc3 Rab8 23. Rf1 g5 24. Rf2 Kf7 25. Re1 Rh8 26. Bf3 Qb7 27. Bd1 Qd7 28. Be2 Rb4 29. Rb1 Qb7 30. Nd5 Bxd5 31. cxd5 h6 0-1

[Event "Commonwealth-ch"]
[Site "Mumbai"]
[Date "2004.01.15"]
[Round "6"]
[White "Gupta, Abhijeet"]
[Black "Vinuthna, N."]
[Result "1-0"]
[WhiteElo "2392"]
[BlackElo "2094"]
[PlyCount "47"]
[EventDate "2004.01.10"]
[EventType "swiss"]
[EventRounds "9"]
[EventCountry "IND"]
[SourceTitle "EXT 2006"]
[Source "ChessBase"]
[SourceDate "2005.11.24"]
[SourceVersion "1"]
[SourceVersionDate "2005.11.24"]
[SourceQuality "1"]

1. d4 g6 2. c4 Bg7 3. Nc3 d6 4. e4 Nf6 5. f3 0-0 6. Be3 Nc6 7. Nge2 a6 8. Qd2 Rb8 9. g4 b5 10. h4 h5 11. Ng3 e5 12. dxe5 Nxe5 13. Be2 Nxc4 14. Bxc4 bxc4 15. gxh5 Nxh5 16. Nxh5 gxh5 17. 0-0-0 Kh7 18. Rhg1 Bf6 19. Qd5 Be5 20. Rg5 Bg7 21. Rdg1 Qf6 22. Rxg7+ Qxg7 23. Qxh5+ Kg8 24. Rxg7+ 1-0

[Event "Commonwealth-ch"]
[Site "Mumbai"]
[Date "2004.01.11"]
[Round "2"]
[White "Koshy, Varugeese"]
[Black "Vinuthna, N."]
[Result "1-0"]
[WhiteElo "2374"]
[BlackElo "2094"]
[PlyCount "99"]
[EventDate "2004.01.10"]
[EventType "swiss"]
[EventRounds "9"]
[EventCountry "IND"]
[SourceTitle "EXT 2006"]
[Source "ChessBase"]
[SourceDate "2005.11.24"]
[SourceVersion "1"]
[SourceVersionDate "2005.11.24"]
[SourceQuality "1"]

1. c4 Nf6 2. g3 g6 3. Bg2 Bg7 4. e4 d6 5. Ne2 0-0 6. 0-0 e5 7. Nbc3 Nc6 8. d3 Nh5 9. Be3 Nd4 10. Qd2 c6 11. f4 Nxe2+ 12. Nxe2 exf4 13. gxf4 f5 14. Ng3 Nxg3 15. hxg3 Qf6 16. Rab1 Be6 17. b3 Rfe8 18. Rfc1 Qe7 19. Qf2 fxe4 20. dxe4 Bf5 21. exf5 Qxe3 22. Rd1 Rad8 23. fxg6 hxg6 24. Bf3 Bc3 25. Qxe3 Rxe3 26. Kf2 Re7 27. b4 Rh7 28. Kg2 Bf6 29. b5 Rc7 30. bxc6 bxc6 31. Kh3 Kg7 32. Kg4 c5 33. Re1 Rdd7 34. Re6 Kf7 35. Bd5 Kg7 36. Rb8 Rd8 37. Rxd8 Bxd8 38. Rxd6 Bf6 39. a4 Re7 40. a5 Rc7 41. a6 Be7 42. Re6 Bf6 43. Re8 Bd4 44. Ra8 Kf6 45. Bb7 Rg7 46. Rxa7 g5 47. f5 Bc3 48. Ra8 Ba5 49. Rf8+ Ke7 50. f6+ 1-0

[Event "Wch U16 Girls"]
[Site "Chalkidiki"]
[Date "2003.11.02"]
[Round "11"]
[White "Vinuthna, N."]
[Black "Cochet, Caroline"]
[Result "1-0"]
[WhiteElo "2100"]
[BlackElo "2050"]
[PlyCount "65"]
[EventDate "2003.10.23"]
[EventType "swiss"]
[EventRounds "11"]
[EventCountry "GRE"]
[SourceTitle "EXT 2004"]
[Source "ChessBase"]
[SourceDate "2003.11.25"]
[SourceVersion "1"]
[SourceVersionDate "2003.11.25"]
[SourceQuality "1"]

1. e4 c5 2. Nf3 g6 3. d4 cxd4 4. Nxd4 Nc6 5. Nc3 Bg7 6. Be3 Nf6 7. Bc4 d6 8. h3 0-0 9. 0-0 Nxe4 10. Nxe4 d5 11. Nxc6 bxc6 12. Bd3 dxe4 13. Bxe4 Qc7 14. c3 e5 15. Qa4 Bd7 16. Rfd1 Rfc8 17. Rd2 f5 18. Bf3 Be6 19. Rad1 e4 20. Be2 Qf7 21. Rd6 Bd5 22. c4 Be5 23. cxd5 Bxd6 24. dxc6 Qe7 25. Qc4+ Kg7 26. Rxd6 Qxd6 27. Qc3+ Kf7 28. Bc5 Qxc6 29. Bc4+ Qe6 30. Bxe6+ Kxe6 31. Qc4+ Kf6 32. Qd4+ Kf7 33. Qd5+ 1-0

[Event "Wch U16 Girls"]
[Site "Chalkidiki"]
[Date "2003.10.31"]
[Round "9"]
[White "Vinuthna, N."]
[Black "Vega Gutierrez, Sabrina Neide"]
[Result "0-1"]
[WhiteElo "2100"]
[BlackElo "2228"]
[PlyCount "154"]
[EventDate "2003.10.23"]
[EventType "swiss"]
[EventRounds "11"]
[EventCountry "GRE"]
[SourceTitle "EXT 2004"]
[Source "ChessBase"]
[SourceDate "2003.11.25"]
[SourceVersion "1"]
[SourceVersionDate "2003.11.25"]
[SourceQuality "1"]

1. e4 c5 2. Nf3 Nc6 3. d3 d6 4. g3 g6 5. Bg2 Bg7 6. Nc3 e5 7. Be3 Nge7 8. Qd2 Nd4 9. 0-0 0-0 10. a4 f5 11. Ne1 Ne6 12. f4 exf4 13. gxf4 Bd7 14. Nf3 Bc6 15. Bh3 d5 16. exd5 Nxd5 17. Nxd5 Qxd5 18. Ra3 Rfe8 19. Bg2 Qd6 20. b3 Rad8 21. Ra2 Nc7 22. Qf2 b6 23. Ne5 Bxg2 24. Qxg2 Bxe5 25. fxe5 Qxe5 26. Bf4 Qd4+ 27. Kh1 Nd5 28. Bg5 Rd6 29. Raa1 Rde6 30. Rac1 Re2 31. Qg3 Ne3 32. Rf2 Qd5+ 33. Kg1 Rxf2 34. Qxf2 Ng4 35. Qg3 Qd4+ 36. Kh1 h6 37. Bd2 Re2 38. Qb8+ Kf7 39. Qc7+ Kf6 40. Qc6+ Ke7 41. Re1 Rxe1+ 42. Bxe1 Qd6 43. Qb7+ Kf6 44. Bc3+ Ke6 45. Qc8+ Ke7 46. Qb7+ Qd7 47. Qf3 Qc7 48. Qe2+ Kf7 49. h3 Nf6 50. Qf3 Qd6 51. Qb7+ Qd7 52. Qb8 Nd5 53. Be5 f4 54. Bxf4 Qxh3+ 55. Kg1 Qg4+ 56. Bg3 Qd1+ 57. Kh2 Qxc2+ 58. Kg1 Qc1+ 59. Kh2 Qc2+ 60. Kg1 Qd1+ 61. Kh2 Qe2+ 62. Kg1 Qe3+ 63. Kh2 Qe7 64. Qh8 Qe2+ 65. Kg1 Qxd3 66. Qh7+ Ke6 67. Qg8+ Kd7 68. Qf7+ Ne7 69. Kh2 Qe2+ 70. Kg1 Qd1+ 71. Kh2 Qd5 72. Qf4 Nf5 73. Qc7+ Ke6 74. Qc8+ Kf7 75. Qc7+ Kf6 76. a5 Nxg3 77. Qxg3 Qe5 0-1

[Event "Wch U20 Girls 19th"]
[Site "Goa"]
[Date "2002.12.19"]
[Round "12"]
[White "Rajalakshmi, CV."]
[Black "Vinuthna, N."]
[Result "1/2-1/2"]
[WhiteElo "2018"]
[BlackElo "2089"]
[PlyCount "104"]
[EventDate "2002.12.09"]
[EventType "swiss"]
[EventRounds "13"]
[EventCountry "IND"]
[SourceTitle "CBM 091 Extra"]
[Source "ChessBase"]
[SourceDate "2003.01.09"]
[SourceVersion "1"]
[SourceVersionDate "2003.01.09"]
[SourceQuality "1"]

1. f4 Nf6 2. Nf3 g6 3. b3 Bg7 4. Bb2 0-0 5. e3 d5 6. Be2 c5 7. 0-0 Nc6 8. Ne5 Qc7 9. Nxc6 Qxc6 10. Be5 b6 11. Bf3 Bb7 12. d3 Rad8 13. Nd2 Qc8 14. Qe2 e6 15. Qf2 Nd7 16. Bxg7 Kxg7 17. e4 dxe4 18. Bxe4 Nf6 19. Rad1 Rd4 20. Bxb7 Qxb7 21. a4 Rfd8 22. Rde1 Nd5 23. Re4 Nb4 24. Rxd4 cxd4 25. Nf3 Qd5 26. Re1 Qc5 27. Re2 Rd5 28. Ng5 h6 29. Nf3 Rd6 30. g3 Nd5 31. Ne1 Ne3 32. Ng2 Ng4 33. Qf3 Nf6 34. Ne1 h5 35. h3 Rd5 36. Rf2 Qd6 37. Kg2 Rc5 38. Re2 Nd5 39. Kg1 Ne3 40. c4 a5 41. Nc2 Nxc2 42. Rxc2 Rc7 43. Qe4 Rd7 44. Rb2 Qb4 45. Kg2 Qc5 46. Qe2 Qb4 47. Qe5+ Kh7 48. Kf3 Qa3 49. Qe2 Qc5 50. Rb1 Rd8 51. Qe5 Qc6+ 52. Qe4 Qxe4+ 1/2-1/2

[Event "Wch U20 Girls 19th"]
[Site "Goa"]
[Date "2002.12.17"]
[Round "10"]
[White "Vinuthna, N."]
[Black "Sachdev, Tania"]
[Result "0-1"]
[WhiteElo "2089"]
[BlackElo "2189"]
[PlyCount "120"]
[EventDate "2002.12.09"]
[EventType "swiss"]
[EventRounds "13"]
[EventCountry "IND"]
[SourceTitle "CBM 091 Extra"]
[Source "ChessBase"]
[SourceDate "2003.01.09"]
[SourceVersion "1"]
[SourceVersionDate "2003.01.09"]
[SourceQuality "1"]

1. e4 c5 2. Nf3 e6 3. b3 d6 4. Bb5+ Bd7 5. Bxd7+ Nxd7 6. 0-0 Ngf6 7. Qe2 Be7 8. d4 cxd4 9. Nxd4 0-0 10. c4 a6 11. Bb2 Qc7 12. Nc3 Rfe8 13. Rad1 Bf8 14. f4 b6 15. Nf3 e5 16. f5 Qc5+ 17. Kh1 b5 18. Nd2 Nb8 19. Rc1 Qb6 20. Nd5 Nxd5 21. cxd5 Be7 22. Rf3 Nd7 23. Rfc3 Bg5 24. Rg3 Bf4 25. Rgc3 Nf6 26. R1c2 h5 27. Rc6 Qe3 28. Qxe3 Bxe3 29. Nf1 Bc5 30. Nd2 Be3 31. Nf1 Bc5 32. Nd2 Ng4 33. h3 Nf2+ 34. Kh2 h4 35. a3 a5 36. g3 hxg3+ 37. Kxg3 Nd3 38. Nb1 Rec8 39. Rxc8+ Rxc8 40. a4 bxa4 41. bxa4 Bf2+ 42. Rxf2 Nxf2 43. Kxf2 Rc2+ 44. Ke3 Rxb2 45. Nc3 Kf8 46. Kd3 Rh2 47. Kc4 Rxh3 48. Nb5 Ke7 49. Na7 Kd7 50. Kb5 Re3 51. Kxa5 Rxe4 52. Nc6 Rc4 53. Kb5 Rc5+ 54. Kb6 e4 55. a5 e3 56. a6 e2 57. a7 e1Q 58. Nb8+ Kc8 59. a8Q Qb4+ 60. Ka7 Rc7+ 0-1

[Event "Wch U20 Girls 19th"]
[Site "Goa"]
[Date "2002.12.10"]
[Round "3"]
[White "Helm, Leonie"]
[Black "Vinuthna, N."]
[Result "1-0"]
[WhiteElo "2235"]
[BlackElo "2089"]
[PlyCount "74"]
[EventDate "2002.12.09"]
[EventType "swiss"]
[EventRounds "13"]
[EventCountry "IND"]
[SourceTitle "CBM 091 Extra"]
[Source "ChessBase"]
[SourceDate "2003.01.09"]
[SourceVersion "1"]
[SourceVersionDate "2003.01.09"]
[SourceQuality "1"]

1. e4 c5 2. Nf3 Nc6 3. d4 cxd4 4. Nxd4 Nf6 5. Nc3 e5 6. Ndb5 d6 7. Bg5 a6 8. Na3 b5 9. Bxf6 gxf6 10. Nd5 Bg7 11. c3 f5 12. exf5 Bxf5 13. Nc2 Be6 14. g3 0-0 15. Bg2 a5 16. 0-0 f5 17. a4 b4 18. Nce3 bxc3 19. bxc3 Rb8 20. Nc4 Kh8 21. Nde3 e4 22. Qxd6 Qxd6 23. Nxd6 Bxc3 24. Rac1 Nd4 25. Kh1 Bd2 26. Rb1 Bb3 27. Nb5 Rxb5 28. axb5 a4 29. b6 a3 30. b7 a2 31. Nxf5 Nxf5 32. Rxb3 Rb8 33. Bxe4 Ne7 34. Ra3 Bb4 35. Ra4 Bd6 36. Ra6 Rd8 37. Rxd6 Ra8 1-0